00465nam a22001697a 450000500170000001000180001702000280003503500180006303700170008108200060009810000220010424500530012626000400017927000520021930000180027150000060028920140807130948.0 aB- 506262-269 a 9789380828749c 149.00 aB- 506262-269 aKBD/Venbdpl aN aPodder, Joygopal aA million seconds too late /cby Joygopal Podder aNew DelhibVitasta Publishingc2012 a2/15, Ansari Road, DaryaganjbNew Delhie110002 a178p.c24cms. a